Predation by squirrel monkeys and double-toothed kites on tent-making bats (Registro nro. 9565)

Detalles MARC
000 -CABECERA
Campo de control 005850000a22001930004500
090 ## - CLASIFICACIÓN LOCAL
Colección AR
Consecutivo 00469
041 0# - IDIOMA
Código de idioma para texto/pista de sonido o título separado
100 1# - ASIENTO PRINCIPAL--NOMBRE PERSONAL
Nombre personal Boinski, Sue
245 10 - MENCION DE TITULO
Título Predation by squirrel monkeys and double-toothed kites on tent-making bats
650 14 - ASIENTO SECUNDARIO DE MATERIA - TERMINO TEMATICO
Término temático o nombre geográfico como elemento de entrada Murciélagos
650 14 - ASIENTO SECUNDARIO DE MATERIA - TERMINO TEMATICO
Término temático o nombre geográfico como elemento de entrada Depredación
650 14 - ASIENTO SECUNDARIO DE MATERIA - TERMINO TEMATICO
Término temático o nombre geográfico como elemento de entrada Monos
651 #4 - ASIENTO SECUNDARIO DE MATERIA - NOMBRE GEOGRAFICO
-- Costa Rica
653 ## - TERMINO DE INDIZACION - NO CONTROLADO
-- Saimiri
-- Saimiri oerstedi
653 ## - TERMINO DE INDIZACION - NO CONTROLADO
-- Harpagus
-- Harpagus bidentatus
700 1# - ASIENTO SECUNDARIO - NOMBRE PERSONAL
Nombre personal Timm, Robert M.
773 1# - Item fuente:
Título American Journal of Primatology
Especificación de materiales 184
Descripción física 9
Paginas del Articulo 121-127
Lugar, editorial y fecha de publicación 1985
942 ## - ELEMENTOS ADICIONALES (KOHA)
Tipo de ítem Artículo
Existencias
Withdrawn status Lost status Damaged status No para préstamo Colección Ubicación Permanente Ubicación actual Fecha de adquisición Datos de publicación Seriada Total Checkouts Número topográfico Inventario / Código de Barras Date last seen Ejemplar Price effective from Forma de adquisición Tipo de material
      No para Préstamo Hemeroteca Bogotá Bogotá 27/02/2015 Fuera de circulación   AR 00469 010766 25/03/2015 1 25/03/2015   Artículo